zpět

Detail výsledku týmu

Bar Slovan, Kladno

Datum a čas kvízu

30.5 Celkem bodů Celkový počet nahraných bodů na tomto kvízu bez doplňovacích otázek.
8. Pořadí na kvízu Konečné umístění týmu na tomto kvízu.

Zaznamenané odpovědi

# Otázka Odpověď Body Výsledky
1. Ve kterém českém městě se minu... v Plzni 1
2. Ve které zemi byl minulý týden... v Číně 0
3. Minulý týden jsme se dozvěděli... Francie 0
4. Kořist v hodnotě přibližně 30... v Německu 0
5. Na střídačce HC Rytíři Kladno,... David Čermák; Tomáš Plekanec 1
6. Mezi nejúspěšnější sourozence... 2008; 2012 0.5
7. Pouhých 65 setin sekundy od me... Petr; Martin 0.5
8. Opomenout v tomto tématu nesmí... 7,5 km; 6 km 0.5
9. Nyní bude vaším úkolem uhodnou... v triatlonu 1
10. Na závěr se podíváme na krasob... B 1